Mechanisms of cortical inhibition (Record no. 52729)
[ view plain ]
| 000 -LEADER | |
|---|---|
| fixed length control field | 00461nam a2200181Ia 4500 |
| 001 - CONTROL NUMBER | |
| control field | 55386 |
| 008 - FIXED-LENGTH DATA ELEMENTS--GENERAL INFORMATION | |
| fixed length control field | 140505s9999 xx 000 0 und d |
| 020 ## - INTERNATIONAL STANDARD BOOK NUMBER | |
| International Standard Book Number | 1560723750 |
| 040 ## - CATALOGING SOURCE | |
| Transcribing agency | PK-LaUMT |
| 082 ## - DEWEY DECIMAL CLASSIFICATION NUMBER | |
| Classification number | MAL 302.2 |
| Item number | OKU-M |
| 100 ## - MAIN ENTRY--PERSONAL NAME | |
| Personal name | Okujava, V. M. |
| 245 ## - TITLE STATEMENT | |
| Title | Mechanisms of cortical inhibition |
| Statement of responsibility, etc | Okujava, V. M. |
| 260 ## - PUBLICATION, DISTRIBUTION, ETC. (IMPRINT) | |
| Place of publication, distribution, etc | New York,USA: |
| Name of publisher, distributor, etc | Nova Science Publishers, |
| Date of publication, distribution, etc | 1997 |
| 300 ## - PHYSICAL DESCRIPTION | |
| Extent | 126 p. |
| 546 ## - LANGUAGE NOTE | |
| Language note | EN |
| 650 ## - SUBJECT ADDED ENTRY--TOPICAL TERM | |
| Topical term or geographic name as entry element | Mental health |
| 942 ## - ADDED ENTRY ELEMENTS (KOHA) | |
| Koha item type | Books |
| Withdrawn status | Lost status | Damaged status | Not for loan | Home library | Current library | Date acquired | Total Checkouts | Full call number | Barcode | Date last seen | Price effective from | Koha item type |
|---|---|---|---|---|---|---|---|---|---|---|---|---|
| UMT Main Campus | UMT Main Campus | 2014-05-05 | MAL 302.2 OKU-M | 75796 | 2014-05-08 | 2014-05-08 | Books |
